Welcome to the Holygrace Academy Library

Please use search bar below to get started

HORRIBLE HISTORY: THE INCREDIBLE INCAS (Record no. 2051)

MARC details
000 -LEADER
fixed length control field 00459nam a22001577a 4500
020 ## - INTERNATIONAL STANDARD BOOK NUMBER
ISBN 978-0-439950-97-8
082 ## - DEWEY DECIMAL CLASSIFICATION NUMBER
Classification number 823
Item number DEA/H
100 ## - MAIN ENTRY--AUTHOR NAME
Personal name DEARY, TERRY
245 ## - TITLE STATEMENT
Title HORRIBLE HISTORY: THE INCREDIBLE INCAS
246 ## - VARYING FORM OF TITLE
Title proper/short title HORRIBLE HISTORY: THE INCREDIBLE INCAS
Remainder of title HORRIBLE HISTORY: THE INCREDIBLE INCAS
260 ## - PUBLICATION, DISTRIBUTION, ETC. (IMPRINT)
Place of publication LONDON
Name of publisher SCHOLASTIC CHILDREN,S BOOKS
Year of publication 2000
300 ## - PHYSICAL DESCRIPTION
Number of Pages 127
520 ## - SUMMARY, ETC.
Summary, etc HORRIBLE HISTORY
650 ## - SUBJECT ADDED ENTRY--TOPICAL TERM
Topical Term ENGLISH SHORT STORY
942 ## - ADDED ENTRY ELEMENTS (KOHA)
Koha item type Books
Holdings
Withdrawn status Lost status Collection code Home library Current library Shelving location Date acquired Source of acquisition Cost, normal purchase price Full call number Accession Number Koha item type
    Fiction Main Library Main Library SHELF 4-B ANIMAL ARK 26/02/2014 Purchase 30.00 823 CLO/L 11252 Books
    Fiction Main Library Main Library SHELF 4-C HORRIBLE HISTORIES 17/07/2019 Purchase 30.00 823 CLO/L 11248 Books